=LDR 00000nam 2200000 4500 =001 INLIS000000000056277 =005 20200826085640 =035 ##$$a 0010-0820000418 =007 ta =008 200826###########################0#eng## =020 ##$$a 981-204-175-3 =082 ##$$a 915.959 824 52 =084 ##$$a 915.959 824 52 Cir c =245 ##$$a Cirebon : $b The Times Travel Library =300 ##$$a 96 halaman : $b Ilustrasi ; $c 26 cm. =500 ##$$a Index: halaman 96 =650 #4$$a Cirebon - Perjalanan =700 #$$a Editor: K E Tan =264 ##$$a Singapore :$b Times Editions,$c 1990 =336 ##$$a teks$2 rdacontent =337 ##$$a lain-lain$2 rdamedia =338 ##$$a lain-lain$2 rdacarrier =990 ##$$a 30153015